<?xml version="1.0" encoding="UTF-8"?><marc:collection xmlns:marc="http://www.loc.gov/MARC21/slim">
  <marc:record>
    <marc:leader>00000nas  2200000za 4500</marc:leader>
    <marc:controlfield tag="001">9.506833</marc:controlfield>
    <marc:controlfield tag="003">CaOODSP</marc:controlfield>
    <marc:controlfield tag="005">20221107133712</marc:controlfield>
    <marc:controlfield tag="007">cr |||||||||||</marc:controlfield>
    <marc:controlfield tag="008">150406d20062015xxcar p o||||f0   |0eng|d</marc:controlfield>
    <marc:datafield tag="040" ind1=" " ind2=" ">
      <marc:subfield code="a">CaOODSP</marc:subfield>
      <marc:subfield code="b">eng</marc:subfield>
    </marc:datafield>
    <marc:datafield tag="043" ind1=" " ind2=" ">
      <marc:subfield code="a">n-cn---</marc:subfield>
    </marc:datafield>
    <marc:datafield tag="086" ind1="1" ind2=" ">
      <marc:subfield code="a">Rv1-18E-PDF</marc:subfield>
    </marc:datafield>
    <marc:datafield tag="110" ind1="2" ind2=" ">
      <marc:subfield code="a">Canada Revenue Agency.</marc:subfield>
    </marc:datafield>
    <marc:datafield tag="245" ind1="1" ind2="0">
      <marc:subfield code="a">Canada Revenue Agency annual report to Parliament </marc:subfield>
      <marc:subfield code="h">[electronic resource].</marc:subfield>
    </marc:datafield>
    <marc:datafield tag="246" ind1="1" ind2="3">
      <marc:subfield code="a">CRA annual report to Parliament</marc:subfield>
    </marc:datafield>
    <marc:datafield tag="260" ind1=" " ind2=" ">
      <marc:subfield code="a">[Ottawa] : </marc:subfield>
      <marc:subfield code="b">Canada Revenue Agency, </marc:subfield>
      <marc:subfield code="c">[2006-2015]</marc:subfield>
    </marc:datafield>
    <marc:datafield tag="310" ind1=" " ind2=" ">
      <marc:subfield code="a">Annual</marc:subfield>
    </marc:datafield>
    <marc:datafield tag="362" ind1="1" ind2=" ">
      <marc:subfield code="a">Began with: 2005/2006; ceased with 2014/2015.</marc:subfield>
    </marc:datafield>
    <marc:datafield tag="500" ind1=" " ind2=" ">
      <marc:subfield code="a">Issued also in French under title: Rapport annuel de l’Agence du revenue du Canada au Parlement.</marc:subfield>
    </marc:datafield>
    <marc:datafield tag="520" ind1="3" ind2=" ">
      <marc:subfield code="a">"The CRA Annual Report to Parliament is tabled in Parliament by the Minister of National Revenue, pursuant to the statutory requirements of the Canada Revenue Agency Act. It is produced consecutively with the Canada Revenue Agency Performance Report published by the Treasury Board of Canada Secretariat. The two documents are virtually identical and contain the same information, which is a comprehensive report on the performance of the CRA for the previous fiscal year, and a rating of the CRA's achievements against the key targets and indicators set out in our Corporate Business Plan. The Annual Report and the Performance Report also contain an assessment of the fairness and reliability of the information contained in the report, and an audit of the agency and administered financial statements, by the Auditor General of Canada."--CRA Web site (viewed Jan. 23, 2012).</marc:subfield>
    </marc:datafield>
    <marc:datafield tag="775" ind1="0" ind2="8">
      <marc:subfield code="t">Rapport annuel de l'Agence du revenue du Canada au Parlement </marc:subfield>
      <marc:subfield code="w">(CaOODSP)9.503229</marc:subfield>
    </marc:datafield>
    <marc:datafield tag="780" ind1="0" ind2="0">
      <marc:subfield code="t">CCRA annual report to Parliament </marc:subfield>
      <marc:subfield code="w">(CaOODSP)9.506832</marc:subfield>
    </marc:datafield>
  </marc:record>
</marc:collection>
